00631nam a22002297a 450000500170000001000110001702000100002803500110003803700160004904000120006508200130007710000200009024500970011026000480020727000140025530000240026950000200029365000150031365000240032870000250035270000240037720170124110031.0 a039690 c00.00 a039690 bCen Lib/Ret aDPLbEN a373bDEB aDeboer, John J. aTeaching secondary english /cby John J. Deboer, Walter V. Kaulfers [and] Helen Rand Miller  aNew York bMcGraw Hill Book Company c1951  bNew York  axiii, 427c21cm(Hb) aIncludes index  a Education aTeaching of english aKaulfers, Walter V.  aMiller, Helen Rand